000 00601nam a2200217Ia 4500
003 OSt
005 20220926031344.0
006 a|||||r|||| 00| 0
007 ta
008 220923b |||||||| |||| 00| 0 eng d
037 _cGeneral Book
040 _aRTL
_cRTL
_beng
041 _2eng
_aeng
082 _aX:89K:(B), K5/SC
100 _aBOS H.C.
245 0 _aSpatial dispersion of economic activity.
260 _aRotterdarn
_bUniversitaire pers Rotterdarn
_c1964
300 _a106p.
_ccm.
942 _hX:89K:(B), K5/SC
_cGB
_2CC
999 _c652126
_d652126